| 000 | 00539nam a2200193Ia 4500 | ||
|---|---|---|---|
| 003 | OSt | ||
| 005 | 20240614104412.0 | ||
| 008 | 210210b1980 xxu||||| |||| 00| 0 eng d | ||
| 040 | _cAL | ||
| 041 | _aTulu | ||
| 082 | _aT894.1 SAMB | ||
| 100 |
_aSAMAGAMALPE (Ba). _9151572 _dಸಾಮಗ ಮಲ್ಪೆ (ಬಾ) |
||
| 245 |
_aBadukondullara? _bಬದುಕೊಂದುಲ್ಲಾರ ? |
||
| 260 |
_aMalpe _bTulunad Pragati Prakashanalaya _c1980 |
||
| 300 | _a15 | ||
| 690 |
_aTulu Poetry _9151573 |
||
| 906 | _a035138 | ||
| 942 |
_2ddc _cBK |
||
| 999 |
_c85985 _d85985 |
||